00616 2200217 4500001002100000005001500021007000300036008004100039020002200080035002000102082000800122084001400130100002200144245010600166250001100272260005000283300002100333650001400354990001500368990001500383INLIS00000000000760820260225075144ta260225 | | ind  a978-602-318-414-9 a0010-0226000044 a658 a658 HER k1 aHerawati, Susetya1 aKewirausahaan :bMenumbuhkan Kesadaran Bela Negara Melalui Kewirausahaan Milenial /cSusetya Herawati aCet. 1 aJakarta :bPenerbit Mitra Wacana Media,c2019 a164 hlm ;c24 cm 4aManajemen a205.1/2023 a205.2/2023